| 000 | 00816nam a2200265 a 4500 | ||
|---|---|---|---|
| 001 | 000045968 | ||
| 003 | DO-SdBNP | ||
| 005 | 20210602101213.0 | ||
| 007 | ta | ||
| 008 | 150603s2015 dr 000 f spa d | ||
| 020 | _a9789945166767 | ||
| 040 |
_aBPMSU _bspa _cBPMSU |
||
| 082 |
_aRD863.5 _bG934s _222 |
||
| 100 | 1 |
_aGuerrero, Laureano _d1952- |
|
| 245 | 1 | 3 |
_aLa sentencia : _bnovela / _cLaureano Guerrero Sánchez ; prólogo Juan Hernández Inirio. |
| 260 |
_aSanto Domingo : _bSantuario, _c2015. |
||
| 300 |
_a168 p. ; _c23 cm. |
||
| 500 | _aIncluye datos biográficos del autor en la solapa de la cubierta. | ||
| 590 | _6Inventariado, 2021/VM | ||
| 650 | 4 | _aNovelas dominicanas | |
| 650 | 4 | _aLiteratura dominicana. | |
| 700 | 1 | 2 |
_aHernández Inirio, Juan, _epról. |
| 910 | _aVMateo | ||
| 942 |
_2ddc _cBK |
||
| 999 |
_c8236 _d8236 |
||